Caminos sin ley / (Record no. 3826)
[ view plain ]
| 000 -CABECERA | |
|---|---|
| campo de control de longitud fija | 00944cam a2200265 a 4500 |
| 001 - NÚMERO DE CONTROL | |
| campo de control | 000004007 |
| 005 - FECHA Y HORA DE LA ÚLTIMA TRANSACCIÓN | |
| campo de control | 20200929150649.0 |
| 008 - DATOS DE LONGITUD FIJA--INFORMACIÓN GENERAL | |
| campo de control de longitud fija | 790507s1996 mx 001 0aspa |
| 020 ## - NÚMERO INTERNACIONAL ESTÁNDAR DEL LIBRO | |
| Número Internacional Estándar del Libro | 9682994934 |
| 040 ## - FUENTE DE LA CATALOGACIÓN | |
| Centro catalogador/agencia de origen | DO-SdBNP |
| Lengua de catalogación | spa |
| Centro/agencia transcriptor | BNPHU |
| 082 ## - NÚMERO DE LA CLASIFICACIÓN DECIMAL DEWEY | |
| Número de clasificación | 917.2 |
| Número de documento/Ítem | G799c |
| 100 1# - ENTRADA PRINCIPAL--NOMBRE DE PERSONA | |
| Nombre de persona | Greene, Graham, |
| Fechas asociadas al nombre | 1904-1991. |
| 9 (RLIN) | 11990 |
| 240 14 - TÍTULO UNIFORME | |
| Título uniforme | The lawless roads. |
| Lenguaje de la obra | Español |
| 245 10 - MENCIÓN DE TÍTULO | |
| Título | Caminos sin ley / |
| Mención de responsabilidad, etc. | Graham Greene; traducción, Wilcock, J. R.; prólogo, Raúl Ortíz. |
| 260 ## - PUBLICACIÓN, DISTRIBUCIÓN, ETC. | |
| Lugar de publicación, distribución, etc. | México : |
| Nombre del editor, distribuidor, etc. | Consejo Nacional para la Cultura y las Artes, |
| Fecha de publicación, distribución, etc. | 1996. |
| 300 ## - DESCRIPCIÓN FÍSICA | |
| Extensión | 255 p. ; |
| Dimensiones | 21 cm. |
| 490 1# - MENCIÓN DE SERIE | |
| Mención de serie | Mirada viajera |
| 534 ## - NOTA SOBRE LA VERSIÓN ORIGINAL | |
| Encabezamiento principal del original | Título original: |
| Mención de título del original | The lawless roads. |
| 651 #4 - PUNTO DE ACCESO ADICIONAL DE MATERIA--NOMBRE GEOGRÁFICO | |
| Nombre geográfico | México |
| Subdivisión general | Descripciones Y Viajes |
| 9 (RLIN) | 11991 |
| 610 24 - PUNTO DE ACCESO ADICIONAL DE MATERIA--NOMBRE DE ENTIDAD CORPORATIVA | |
| Nombre de entidad corporativa o nombre de jurisdicción como elemento de entrada | IGLESIA CATÓLICA |
| Subdivisión geográfica | MÉXICO |
| 9 (RLIN) | 11992 |
| 600 14 - PUNTO DE ACCESO ADICIONAL DE MATERIA--NOMBRE DE PERSONA | |
| Nombre de persona | GREENE, GRAHAM, |
| Fechas asociadas al nombre | 1904-1991 |
| Subdivisión general | VIAJES |
| Subdivisión geográfica | MÉXICO |
| 9 (RLIN) | 11993 |
| 700 1# - PUNTO DE ACCESO ADICIONAL--NOMBRE DE PERSONA | |
| Nombre de persona | Wilcock, J. R. |
| Término indicativo de función/relación | tr. |
| 9 (RLIN) | 11994 |
| 700 1# - PUNTO DE ACCESO ADICIONAL--NOMBRE DE PERSONA | |
| Nombre de persona | Ortiz, Raúl |
| Término indicativo de función/relación | pról. |
| 9 (RLIN) | 11995 |
| 830 #0 - PUNTO DE ACCESO ADICIONAL DE SERIE-TÍTULO UNIFORME | |
| Título uniforme | Mirada viajera |
| 9 (RLIN) | 11996 |
| Estado de retiro | Estado de pérdida | Restricciones de uso | No para préstamo | Código de colección | Localización permanente | Ubicación/localización actual | Ubicación en estantería | Fecha de adquisición | Número de inventario | Total de préstamos | Signatura topográfica completa | Código de barras | Fecha visto por última vez | Precio válido a partir de | Tipo de ítem Koha | Número de copia |
|---|---|---|---|---|---|---|---|---|---|---|---|---|---|---|---|---|
| Excluido de préstamo | Monografías: Libros y Folletos | General | General | Depósito | 15.07.2009 | LF1 | 917.2 G799c | 4007-10 | 25.06.2020 | 25.06.2020 | No se presta | |||||
| Extraviado | Excluido de préstamo | Monografías: Libros y Folletos | Patrimonio Dominicano | Patrimonio Dominicano | Extraviado | 05.04.2017 | LF1 | 917.2 G799c | 4007-20 | 25.06.2020 | 25.06.2020 | No se presta | e. 2 |
